Normal view
MARC view
- سورة النور - تفسير - القران الكريم - تفسير
Entry Topical Term
001 - CONTROL NUMBER
- control field: 35079
003 - CONTROL NUMBER IDENTIFIER
- control field: JO-AjAnu
005 - DATE AND TIME OF LATEST TRANSACTION
- control field: 20230606075853.0
008 - FIXED-LENGTH DATA ELEMENTS
- fixed length control field: 230606|| aca||aabn | a|a d
040 ## - CATALOGING SOURCE
- Original cataloging agency: JO-AjAnu
- Transcribing agency: JO-AjAnu
150 ## - HEADING--TOPICAL TERM
- Topical term or geographic name entry element: سورة النور - تفسير - القران الكريم - تفسير
670 ## - SOURCE DATA FOUND
- Source citation: Work cat.: (JO-AjAnu)18014: تاليف ابن تيمية، شيخ الإسلام؛ تحقيق وتعليق جماعة من العلماء باشراف الناشر, author 35078, تفسير سورة النور